<?xml version="1.0" encoding="UTF-8"?>
<record
    xmlns:xsi="http://www.w3.org/2001/XMLSchema-instance"
    xsi:schemaLocation="http://www.loc.gov/MARC21/slim http://www.loc.gov/standards/marcxml/schema/MARC21slim.xsd"
    xmlns="http://www.loc.gov/MARC21/slim">

  <leader>01438nam a2200337   4500</leader>
  <controlfield tag="001">114026</controlfield>
  <controlfield tag="003">DR-UNIBE</controlfield>
  <controlfield tag="005">20260430062612.0</controlfield>
  <controlfield tag="008">250807b2025    dr ||||| |||| 00| 1 spa d</controlfield>
  <datafield tag="020" ind1=" " ind2=" ">
    <subfield code="a">9789945947939 obra completa</subfield>
  </datafield>
  <datafield tag="020" ind1=" " ind2=" ">
    <subfield code="a">9789945947991</subfield>
  </datafield>
  <datafield tag="040" ind1=" " ind2=" ">
    <subfield code="a">BIBLIOTECA UNIBE</subfield>
    <subfield code="b">spa</subfield>
    <subfield code="c">BIBLIOTECA UNIBE</subfield>
    <subfield code="e">rda</subfield>
  </datafield>
  <datafield tag="041" ind1=" " ind2=" ">
    <subfield code="a">spa</subfield>
  </datafield>
  <datafield tag="090" ind1=" " ind2=" ">
    <subfield code="a">FBIU-VB CI AQ657L</subfield>
  </datafield>
  <datafield tag="100" ind1="1" ind2="0">
    <subfield code="a">Aquino Baroni, Aliani</subfield>
    <subfield code="9">198248</subfield>
    <subfield code="e">autor</subfield>
  </datafield>
  <datafield tag="245" ind1="1" ind2="4">
    <subfield code="a">Las aventuras de la ciguapa palmera :</subfield>
    <subfield code="b">Amador, un elefante colaborador /</subfield>
    <subfield code="c">Aliani Aquino Baroni ; dise&#xF1;o general: Jos&#xE9; S&#xE1;nchez, Joel Rodr&#xED;guez ; ilustraciones: Alicia Baroni ; colaborador: Luis Reynaldo P&#xE9;rez </subfield>
  </datafield>
  <datafield tag="250" ind1=" " ind2=" ">
    <subfield code="a">Primera edici&#xF3;n</subfield>
  </datafield>
  <datafield tag="260" ind1=" " ind2=" ">
    <subfield code="a">Santo Domingo:</subfield>
    <subfield code="b">Voluntariado Banreservas, </subfield>
    <subfield code="c">2025</subfield>
  </datafield>
  <datafield tag="300" ind1=" " ind2=" ">
    <subfield code="a">26 p&#xE1;ginas :</subfield>
    <subfield code="b">ilustraciones a color ;</subfield>
    <subfield code="c">20 x 19 cm</subfield>
  </datafield>
  <datafield tag="500" ind1=" " ind2=" ">
    <subfield code="a">Palabras del Voluntariado Banreservas referentes a la obra</subfield>
  </datafield>
  <datafield tag="653" ind1=" " ind2="7">
    <subfield code="a">Cuentos infantiles dominicanos</subfield>
  </datafield>
  <datafield tag="653" ind1=" " ind2="7">
    <subfield code="a">Cigua Palmera - Cuentos infantiles dominicanos</subfield>
  </datafield>
  <datafield tag="653" ind1=" " ind2="7">
    <subfield code="a">Elefantes - Cuentos infantiles dominicanos</subfield>
  </datafield>
  <datafield tag="653" ind1=" " ind2="7">
    <subfield code="a">Rep&#xFA;blica Dominicana - Cuentos infantiles dominicanos</subfield>
  </datafield>
  <datafield tag="653" ind1=" " ind2="7">
    <subfield code="a">Literatura infantil dominicana</subfield>
  </datafield>
  <datafield tag="700" ind1="1" ind2="0">
    <subfield code="a">S&#xE1;nchez Green, Jos&#xE9;</subfield>
    <subfield code="9">54278</subfield>
    <subfield code="e">dise&#xF1;ador</subfield>
  </datafield>
  <datafield tag="700" ind1="1" ind2="0">
    <subfield code="a">Rodr&#xED;guez, Joel</subfield>
    <subfield code="9">198249</subfield>
    <subfield code="e">dise&#xF1;ador</subfield>
  </datafield>
  <datafield tag="700" ind1=" " ind2="7">
    <subfield code="a">Baroni, Alicia,</subfield>
    <subfield code="d">1963-</subfield>
    <subfield code="e">ilustrador</subfield>
    <subfield code="9">185555</subfield>
  </datafield>
  <datafield tag="700" ind1="1" ind2="7">
    <subfield code="a">P&#xE9;rez , Luis Reynaldo,</subfield>
    <subfield code="d">1980-</subfield>
    <subfield code="9">39270</subfield>
    <subfield code="e">colaborador</subfield>
  </datafield>
  <datafield tag="942" ind1=" " ind2=" ">
    <subfield code="2">ddc</subfield>
    <subfield code="c">BK</subfield>
  </datafield>
  <datafield tag="999" ind1=" " ind2=" ">
    <subfield code="c">114026</subfield>
    <subfield code="d">114026</subfield>
  </datafield>
  <datafield tag="952" ind1=" " ind2=" ">
    <subfield code="0">0</subfield>
    <subfield code="1">0</subfield>
    <subfield code="2">ddc</subfield>
    <subfield code="7">1</subfield>
    <subfield code="8">FBIU</subfield>
    <subfield code="a">Principal</subfield>
    <subfield code="d">2025-07-10</subfield>
    <subfield code="l">0</subfield>
    <subfield code="o">FBIU-VB CI AQ657L</subfield>
    <subfield code="p">FBIU0889</subfield>
    <subfield code="r">2025-08-07 10:48:28</subfield>
    <subfield code="t">Ej.1</subfield>
    <subfield code="w">2025-08-07</subfield>
    <subfield code="y">BK-RES</subfield>
  </datafield>
</record>
